Statistics for Answers Contain "Hand"

Click here to take the quiz!

General Stats

  • This quiz has been taken 57 times
  • The average score is 12 of 17

Answer Stats

ClueAnswer% Correct
Pistol or revolverHandgun
96%
Greeting or business gestureHandshake
94%
Attractiveness in a maleHandsomeness
92%
Restraints often used by policeHandcuffs
88%
Thrown explosiveHand grenade
88%
Crafted by a humanHandmade
88%
Male skilled in a wide range of repairsHandyman
81%
Beatles song, "I want to ___ ___ ___"Hold your hand
81%
German/British Baroque ComposerHandel
79%
Female servantHandmaiden
77%
Square fabric for personal hygeineHandkerchief
63%
It's worth two in the bushBird in the Hand
58%
Having a stronger advantage or positionUpper hand
56%
Radio or internet nicknameHandle
50%
R&B dance featured in GreaseHand Jive
44%
In bowling, a scoring compensationHandicap
38%
In playing cards, Aces and EightsDead man's hand
8%

Score Distribution

Percentile by Number Answered

Percent of People with Each Score

Your Score History

You have not taken this quiz